000
00348nam a2200145Ia 4500
008
210716s1991 xx 000 0 und d
041
_a
eng
082
_a
005.134 SIMA
100
_a
Simpson, Alan.
245
_a
Understanding dbase IV 1.1
250
_a
2
260
_a
New Delhi
_b
BPB Publications
_c
1991
300
_a
xxxix,967
650
_a
None
999
_c
182035
_d
182035